|
|
|
|
| LEADER |
00699nam a2200253 a 4500 |
| 001 |
adlib96000001 |
| 003 |
ViArRB |
| 005 |
20151026130528.0 |
| 008 |
960221s1955 dcuabcdjdbkoqu001 0deng d |
| 020 |
|
|
|
| 022 |
|
|
|
| 040 |
|
|
|a Adlib
|
| 082 |
|
|
|a 519.853
|
| 245 |
|
|
|a Nonlinear optimization [proceedings]
|
| 250 |
|
|
|
| 260 |
|
|
|a London
|b Academic Press
|c 1982
|
| 300 |
|
|
|a xiii,559p.
|
| 500 |
|
|
|a
|
| 100 |
|
|
|a Powell, M J D
|e ed.by
|
| 700 |
|
|
|
| 942 |
|
|
|c BK
|6 _
|
| 653 |
|
|
|a Mathematical programming
|a Optimization
|a nonlinear programming
|
| 999 |
|
|
|c 7354
|d 7354
|
| 952 |
|
|
|0 0
|1 0
|4 0
|6 519853_POW
|7 0
|9 18759
|a UL
|b UL
|d 2010-06-16
|l 1
|o 519.853 POW
|p 00025590
|r 2015-09-28
|s 2015-07-21
|w 2010-06-16
|y BK
|